000 00494nam a2200181 a 4500
005 20240301063613.0
008 031003s1986 mx r 000 0 spa d
035 _aUPN01000129544
049 _aCG
050 4 _aHN29
_bK5.3
100 1 _aKisnerman, Natalio
_928834
245 1 0 _aComunidad /
_cNatalio Kisnerman.
260 _aBuenos Aires :
_bHvamanitas,
_c1986.
300 _a239 p.
440 0 _aTeoría y práctica del trabajo social ;
_v5
650 2 _aComunidad
_99262
905 _aLibro
999 _c101716
_d101716